Southville International School and Colleges
Your cart is empty.
  • Cart
  • Lists
    Public lists Eva Luna New books Lux_list list_1
    Your lists Log in to create your own lists
  • Log in to your account
  • Your cookies
  • Search history
Southville International School and Colleges
  • Advanced search
  • Recent comments
  • Most popular
  • Libraries

Log in to your account

Log in with GOOGLE


If you do not have an external account, but do have a local account, you can still log in:

  1. Home
  2. MARC view: Eclipse /
Normal view MARC view ISBD view

Eclipse / (Record no. 288833)

[ view plain ]
MARC details
000 -LEADER
fixed length control field 00986nam a2200241 a 4500
001 - CONTROL NUMBER
control field HSB006112
003 - CONTROL NUMBER IDENTIFIER
control field PILC
005 - DATE AND TIME OF LATEST TRANSACTION
control field 20151008094641.0
008 - FIXED-LENGTH DATA ELEMENTS--GENERAL INFORMATION
fixed length control field
020 ## - INTERNATIONAL STANDARD BOOK NUMBER
International Standard Book Number 9780316027656
050 00 - LIBRARY OF CONGRESS CALL NUMBER
Classification number PZ 7
Item number .M612 2007
100 1# - MAIN ENTRY--PERSONAL NAME
Personal name Meyer, Stephenie.
245 10 - TITLE STATEMENT
Title Eclipse /
Statement of responsibility, etc Stephenie Meyer.
250 ## - EDITION STATEMENT
Edition statement 1st edition.
260 ## - PUBLICATION, DISTRIBUTION, ETC. (IMPRINT)
Place of publication, distribution, etc New York :
Name of publisher, distributor, etc Little, Brown,
Date of publication, distribution, etc 2007.
300 ## - PHYSICAL DESCRIPTION
Extent 629 pages ;
Dimensions 22 cm.
500 ## - GENERAL NOTE
General note "Megan Tingley books."
510 4# - CITATION/REFERENCES NOTE
Name of source KLIATT,
Location within source November 00,2007.
520 ## - SUMMARY, ETC.
Summary, etc Bella must choose between her friendship with Jacob and her relationship with Edward, both vampires, but when Seattle is ravaged by a mysterious string of killings, the three of them need to decide whether their personal lives are more important than the well-being of an entire city.
650 ## - SUBJECT ADDED ENTRY--TOPICAL TERM
Topical term or geographic name as entry element Vampires
General subdivision Fiction.
856 42 - ELECTRONIC LOCATION AND ACCESS
Public note Publisher description
Uniform Resource Identifier <a href="http://www.loc.gov/catdir/enhancements/fy0713/2007012325-d.html">http://www.loc.gov/catdir/enhancements/fy0713/2007012325-d.html</a>
942 ## - ADDED ENTRY ELEMENTS (KOHA)
Source of classification or shelving scheme Library of Congress Classification
Koha item type Books
Call number prefix Foreign
Holdings
Withdrawn status Lost status Source of classification or shelving scheme Damaged status Home library Current library Shelving location Date acquired Source of acquisition Sub Shelving location Total Checkouts Total Renewals Full call number Barcode Date last seen Date checked out Price effective from Koha item type
    Library of Congress Classification   College Library College Library Fiction Section 10/08/2015 Donation   2 100 PZ 7 .M612 2007 C20147 06/18/2019 09/08/2017 10/08/2015 Books

Eclipse /

APA

Meyer S., . (2007). Eclipse. New York: Little, Brown.

Chicago

Meyer Stephenie, . 2007. Eclipse. New York: Little, Brown.

Harvard

Meyer S., . (2007). Eclipse. New York: Little, Brown.

MLA

Meyer Stephenie, . Eclipse. New York: Little, Brown. 2007.

  • Place hold
  • Print
  • Cite
  • Add to your cart (remove)
  • Save record
    BIBTEX Dublin Core MARCXML MARC (non-Unicode/MARC-8) MARC (Unicode/UTF-8) MARC (Unicode/UTF-8, Standard) MODS (XML) RIS
  • More searches
    Search for this title in:
    Other Libraries (WorldCat) Other Databases (Google Scholar) Online Stores (Bookfinder.com) Open Library (openlibrary.org)

Exporting to Dublin Core...

SOUTHVILLE LIBRARY

Southville International School and Colleges Library

1281 Tropical Ave. Cor. Luxembourg St., BF Homes International, Las Pinas City

Tel. No. 8256374 / 252358 Loc. 117/146

Powered by Koha